English language reader

Uloženo v:
Podrobná bibliografie
Hlavní autor: Lee, Donald W.
Médium: Kniha
Jazyk:Undetermined
Vydáno: New York, Estados Unidos Dodd Mead 1964
Témata:
Tagy: Přidat tag
Žádné tagy, Buďte první, kdo vytvoří štítek k tomuto záznamu!

MARC

LEADER 00000nam a2200000Ia 4500
008 170316s9999 xx 000 0 und d
090 |a 410 L-12e 
100 |a Lee, Donald W. 
245 |a English language reader 
260 |a New York, Estados Unidos 
260 |b Dodd Mead 
260 |c 1964 
300 |a 372 páginas 
650 |a LINGÜÍSTICA 
999 |c 18501  |d 18501 
040 |a cru BVZT 
942 |c 15 D  |h 410 L-12e  |2 z